LEADER 01020nam0 2200301 450 001 000032953 005 20120926101751.0 010 $a978-88-430-4281-4 100 $a20120523d2007----km-y0itaa50------ba 101 0 $aita 102 $aIT 200 1 $aCeramica e archeologia$fMassimo Vidale 210 $aRoma$cCarocci$d2007 215 $a128 p.$cill.$d20 cm 225 2 $aBussole$iArcheologia$v285 410 0$12001$aBussole$iArcheologia$v285 606 1 $aCeramica$xAntichità 676 $a738.0901$v(22. ed.)$9Arti della ceramica. Fino al 499 801 0$aIT$bUniversità della Basilicata - B.I.A.$gREICAT$2unimarc 912 $a000032953 996 $aCeramica e archeologia$998871 997 $aUNIBAS BAS $aLETTERE CAT $aTTM$b30$c20120523$lBAS01$h1135 CAT $aMDL$b00$c20120925$lBAS01$h0954 CAT $aSTD082$b01$c20120926$lBAS01$h1017 FMT Z30 -1$lBAS01$LBAS01$mBOOK$1BASA4$APolo di Matera$2DID$BDidattica$3MSR/L111148$6111148$5L111148$820120925$f04$FPrestabile Didattica LEADER 01163nam2-2200385---450- 001 990002178440203316 005 20050531164908.0 010 $a88-452-1132-0 035 $a000217844 035 $aUSA01000217844 035 $a(ALEPH)000217844USA01 035 $a000217844 100 $a20041116d2004----km-y0enga50------ba 101 $aita 102 $aIT 105 $ay|||z|||001yy 200 1 $a<<5.:>> Cinismo, epicureismo e stoicismo$fGiovanni Reale 210 $aMilano$cBompiani$d2004 215 $a537 p.$d21 cm 225 2 $aTascabili Bompiani 410 1$aTascabili Bompiani 461 1$1001000204926$12001$aStoria della filosofia greca e romana$fGiovanni Reale$v5 606 0 $aFilosofia greca$xStoria 606 0 $aFilosofia romana$xStoria 676 $a180 700 1$aREALE,$bGiovanni$0159977 801 0$aIT$bsalbc$gISBD 912 $a990002178440203316 951 $aII.1.A. 242/5(IV B 342/5)$b176146 L.M.$cIV B$d00137857 959 $aBK 969 $aUMA 979 $aCHIARA$b90$c20041116$lUSA01$h1313 979 $aCOPAT5$b90$c20050531$lUSA01$h1649 996 $aCinismo, epicureismo e stoicismo$91033743 997 $aUNISA LEADER 01074nam0 22002531i 450 001 UON00090930 005 20231205102509.747 100 $a20020107d1970 |0itac50 ba 101 $aeng 102 $aUS 105 $a|||| ||||| 200 1 $aˆA ‰Collection of sculpture in Classical and Early Christian Antioch$fDericksen M. Brinkerhoff 210 $aNew York$cNew York University Press$d1970 xi$d83 p.$ctav. ; 29 cm 606 $aSCULTURA$xANTIOCHIA$xCATALOGHI$3UONC027701$2FI 620 $aUS$dNew York$3UONL000050 686 $aM$cCATALOGHI MUSEI$2A 700 1$aBRINKERHOFF$bDericksen M.$3UONV058332$0214292 712 $aNew York University Press$3UONV247694$4650 801 $aIT$bSOL$c20240220$gRICA 899 $aSIBA - SISTEMA BIBLIOTECARIO DI ATENEO$2UONSI 912 $aUON00090930 950 $aSIBA - SISTEMA BIBLIOTECARIO DI ATENEO$dSI M MC ANTIOCHIA 001 $eSI MC 2167 7 996 $aCollection of sculpture in Classical and Early Christian Antioch$9611856 997 $aUNIOR